|
|
|
|
| LEADER |
00946nam a2200253 a 4500 |
| 001 |
60 |
| 003 |
BD-DhAAL |
| 008 |
090601s1979 vaua b 001 0 eng d |
| 999 |
|
|
|c 1247
|d 1247
|
| 010 |
|
|
|a 78031567
|
| 020 |
|
|
|a 0835942112
|
| 040 |
|
|
|a DLC
|c DLC
|d DLC
|d BD-DhAAL
|
| 082 |
0 |
0 |
|a 658
|2 21
|
| 100 |
1 |
|
|a Dessler, Gary,
|d 1942-
|9 1199
|
| 245 |
1 |
0 |
|a Management fundamentals :
|b a framework/
|c Gary Dessler.
|
| 250 |
|
|
|a Second edition
|
| 260 |
|
|
|a Reston, Va. :
|b Reston Pub. Co.,
|c c1979.
|
| 300 |
|
|
|a xvi, 525 pages :
|b illustrations ;
|c 25 cm.
|
| 504 |
|
|
|a Includes bibliographical references and index.
|
| 541 |
1 |
|
|e 00000060
|
| 650 |
|
0 |
|a Management.
|9 1200
|
| 852 |
4 |
|
|a Ayesha Abed Library
|j General Stacks
|
| 942 |
|
|
|2 ddc
|c BK
|
| 952 |
|
|
|0 0
|1 0
|2 ddc
|4 0
|6 658_400000000000000_DES
|7 0
|9 16497
|a BRACUL
|b BRACUL
|c GEN
|d 2011-05-18
|f 00
|g 0.00
|l 2
|m 20
|o 658.4 DES
|p 3010000060
|r 2016-08-30
|s 2014-10-28
|t 1
|w 2011-05-18
|y BK
|z Not price in Register
|x Not price in Register
|